00307nam a2200121Ia 4500008004100000082001500041100001700056245002100073260004300094365000600137630002100143730002100164100415s9999 xx 000 0 und d b21001a574 aDASMANN, R.. aWildlife Biology aNEW DELHIc1982bWILEY EASTERN LIMITED b1 aWildlife Biology aWildlife Biology